000 00505nam a2200193Ia 4500
005 20230427143730.0
008 230125s9999 xx 000 0 und d
020 _a978-1-4221-3906-6
041 _aeng
082 _a658.312 44
_bNAY
100 _aNayar V
_9109285
245 _aEmployees First, Customers Second
260 _c2010
_bHarvard Business School Press
_aBoston
300 _a198p
500 _aHRM:HRM Gen
650 _aHRM:HRM Gen
_9119831
700 _aNayar V
_9109285
942 _cBK
999 _c85961
_d85961